| 000 | 00384nam a22001337a 4500 | ||
|---|---|---|---|
| 020 | _a9787108030542 | ||
| 082 |
_a272 _bLOO |
||
| 100 | _a Van Loon, Hendrik Willem | ||
| 245 |
_aTolerant (Chinese Edition) / _cLoon Van and Willem Hendrik |
||
| 260 |
_aChina : _bSDX Joint Publishing, _c2009. |
||
| 300 |
_a368 p. ; _c22 cm. |
||
| 880 |
_6245-02\r _a宽容 / |
||
| 942 |
_2ddc _cBK |
||
| 999 |
_c591788 _d591788 |
||